Online
Catalog

Flores de fuego, años de fuego : (Record no. 2586)

MARC details
000 -CABECERA
campo de control de longitud fija 00930cam a2200241 a 4500
001 - NÚMERO DE CONTROL
campo de control 000002752
005 - FECHA Y HORA DE LA ÚLTIMA TRANSACCIÓN
campo de control 20200929150242.0
008 - DATOS DE LONGITUD FIJA--INFORMACIÓN GENERAL
campo de control de longitud fija 931119s1990 sp c b 001 p spa d
020 ## - NÚMERO INTERNACIONAL ESTÁNDAR DEL LIBRO
Número Internacional Estándar del Libro 843381091X
040 ## - FUENTE DE LA CATALOGACIÓN
Centro catalogador/agencia de origen DO-SdBNP
Centro/agencia transcriptor NjP
Centro/agencia modificador DLC
082 ## - NÚMERO DE LA CLASIFICACIÓN DECIMAL DEWEY
Número de clasificación 892.4
Número de documento/Ítem G979fzV
100 1# - ENTRADA PRINCIPAL--NOMBRE DE PERSONA
Nombre de persona Varela Moreno, María Encarnación.
9 (RLIN) 8669
245 10 - MENCIÓN DE TÍTULO
Título Flores de fuego, años de fuego :
Resto del título la poesía de Jaím Guri. /
Mención de responsabilidad, etc. María Encarnación Varela, Ariel Schiller.
260 ## - PUBLICACIÓN, DISTRIBUCIÓN, ETC.
Lugar de publicación, distribución, etc. Granada, España :
Nombre del editor, distribuidor, etc. Universidad de Granada,
Fecha de publicación, distribución, etc. 1990.
300 ## - DESCRIPCIÓN FÍSICA
Extensión 244 p. :
Otras características físicas retrs. ;
Dimensiones 22 cm.
490 1# - MENCIÓN DE SERIE
Mención de serie Literatura hebrea contemporánea ;
Designación de volumen o secuencia 2
504 ## - NOTA DE BIBLIOGRAFÍA, ETC.
Nota de bibliografía, etc. Incluye referencias bibliográficas y notas al pie de las páginas
600 14 - PUNTO DE ACCESO ADICIONAL DE MATERIA--NOMBRE DE PERSONA
Nombre de persona GURI, JAÍM
Fechas asociadas al nombre 1923-
Subdivisión general CRÍTICA E INTERPRETACIÓN.
9 (RLIN) 8670
650 #4 - PUNTO DE ACCESO ADICIONAL DE MATERIA--TÉRMINO DE MATERIA
Término de materia o nombre geográfico como elemento de entrada Poesia hebrea
9 (RLIN) 8671
650 #4 - PUNTO DE ACCESO ADICIONAL DE MATERIA--TÉRMINO DE MATERIA
Término de materia o nombre geográfico como elemento de entrada Literatura hebrea
Subdivisión general Historia y crítica
9 (RLIN) 8672
700 1# - PUNTO DE ACCESO ADICIONAL--NOMBRE DE PERSONA
Nombre de persona Schiller, Ariel.
9 (RLIN) 8673
910 ## - DATOS DE OPCIÓN DEL USUARIO (OCLC)
Datos de opción del usuario Catalogación por copia / LC
Holdings
Estado de retiro Estado de pérdida Restricciones de uso No para préstamo Código de colección Localización permanente Ubicación/localización actual Ubicación en estantería Fecha de adquisición Número de inventario Total de préstamos Signatura topográfica completa Código de barras Fecha visto por última vez Precio válido a partir de Tipo de ítem Koha
    Préstamo interno   Monografías: Libros y Folletos General General En catalogación 03.07.2009 LF1   892.4 G979fzV 2752-10 25.06.2020 25.06.2020 Préstamo interno

Powered by Koha